Guess The Movie From One Shot #2 - Statistics

General Stats
  • This quiz has been taken 660 times
  • The average score is 8 of 15
Answer Stats
Picture Answer % Correct
Forrest Gump
96%
The Mask
85%
The Shining
85%
The Truman Show
81%
Pulp Fiction
76%
The Silence of the Lambs
70%
Braveheart
61%
Taxi Driver
52%
Se7en
48%
Reservoir Dogs
46%
The Big Lebowski
46%
Heat
29%
12 Monkeys
21%
Awakenings
13%
Contact
3%
No matching quizzes found
Score Distribution
Percent of People with Each Score
Percentile by Number Answered
Your Score History
You have not taken this quiz